• 首页
  • 本馆介绍
  • 公告通知
  • 最新文献
  • 馆藏检索
  • 电子资源
  • 读者导购
  • 参考咨询
  • 我的图书馆
  • 登录
  • 详细信息显示
  • 放入我的书架
  • 预约/预借图书
  • 作者相关作品
  • 分类相关作品
  • 丛书相关作品
  • 出版社相关作品

书目信息

  • 表格格式
  • 工作单格式
  • 卡片格式
题名:
有机结构理论
    
 
作者: 杨善中 编
分册:  
出版信息: 合肥   合肥工业大学出版社  2003
页数: 239页
开本: 26cm
丛书名:
单 册:
中图分类: O621.13
科图分类:
主题词: 有机结构化学--高等学校--教材 , 有机结构化学
电子资源:
ISBN: 7-81093-010-9
000 00842nam0 2200265 450
001 070022986760
005 20051115112645.34
010    @a7-81093-010-9@dCNY25.00
092    @aCN
100    @a20041106e20042003ekmy0chiy0120 ea
101 0  @achi
102    @aCN@b340000
105    @aa z 000yy
200 1  @a有机结构理论@9you ji jie gou li lun@f杨善中编@Fyang shan zhong bian
210    @a合肥@c合肥工业大学出版社@d2003@h2004重印
215    @a239页@c图@d26cm
300    @a高等学校教材
330    @a本书分为六章,内容涉及芳香性及其理论,立体化学,有机化学中的取代基效应,周环反应,有机反应中的活泼中间体和重排反应等。
606 0  @a有机结构化学@x高等学校@x教材
606 0  @a有机结构化学
690    @aO621.13@v4
701  0 @a杨善中@Ayang shan zhong@4编
801  0 @aCN@bTSSF@c20051115
905    @a10447@dO621.13@e57
999    @aAFJ
    
    有机结构理论/杨善中编.-合肥:合肥工业大学出版社,2003(2004重印)
    239页:图;26cm
    高等学校教材
    
    ISBN 7-81093-010-9:CNY25.00
    本书分为六章,内容涉及芳香性及其理论,立体化学,有机化学中的取代基效应,周环反应,有机反应中的活泼中间体和重排反应等。
●
相关链接 在E读中查询图书 在五车中查询图书 在当当中查询图书 在豆瓣中查询图书


正题名:有机结构理论     索取号:O621.13/57         预约/预借

序号 登录号 条形码 馆藏地/架位号 状态 备注
1 0367649   203676496   第二样本阅览室/ [索取号:O621.13/57] 在馆    
2 0367650   203676502   第三借阅区/ [索取号:O621.13/57] 在馆    
3 0367651   203676511   第三借阅区/ [索取号:O621.13/57] 在馆    
4 0367652   203676520   第三借阅区/ [索取号:O621.13/57] 在馆    
5 0367653   203676539   第三借阅区/ [索取号:O621.13/57] 在馆    
6 0367654   203676548   第三借阅区/ [索取号:O621.13/57] 在馆    
7 0367655   203676557   第三借阅区/ [索取号:O621.13/57] 在馆    
8 0367656   203676566   第三借阅区/ [索取号:O621.13/57] 在馆    
9 0367657   203676575   第三借阅区/ [索取号:O621.13/57] 在馆    
10 0367658   203676584   第三借阅区/ [索取号:O621.13/57] 在馆    
唐山师范学院图书馆 欢迎您!
大连网信软件有限公司© 版权所有